| Tag |
First Indicator |
Second Indicator |
Subfields |
| LEADER |
00000cam a2200000 4500 |
| 001 |
in00005774480 |
| 005 |
20260327181133.4 |
| 006 |
m o d |
| 007 |
cr |n||||||||| |
| 008 |
250202s2025 xx o 000 0 eng d |
| 040 |
|
|
|a YDX
|b eng
|c YDX
|d OPELS
|d OCLCO
|d N$T
|d OPELS
|d OCLCQ
|
| 020 |
|
|
|a 9780443132964
|q (electronic bk.)
|
| 020 |
|
|
|a 0443132968
|q (electronic bk.)
|
| 020 |
|
|
|z 9780443132971
|
| 020 |
|
|
|z 0443132976
|
| 035 |
|
|
|a (OCoLC)1489466718
|
| 050 |
|
4 |
|a TX817.T3
|
| 082 |
0 |
4 |
|a 663
|2 23/eng/20250211
|
| 049 |
|
|
|a TXAM
|
| 245 |
0 |
0 |
|a Kombucha :
|b technology, traceability, and health promoting.
|
| 260 |
|
|
|a [S.l.] :
|b Academic Press,
|c 2025.
|
| 300 |
|
|
|a 1 online resource
|
| 336 |
|
|
|a text
|b txt
|2 rdacontent
|
| 337 |
|
|
|a computer
|b c
|2 rdamedia
|
| 338 |
|
|
|a online resource
|b cr
|2 rdacarrier
|
| 520 |
|
|
|a Kombucha: Technology, Traceability, and Health-Promoting Effects covers both conventional and unconventional sources for the development of kombucha analogues, along with their sensory, functional, and nutritional aspects. Topics include process conditions, their escalation and impact on the chemical composition, the biochemistry to produce scoby, and the functionality of the drinks. Regulatory aspects in different countries, as well as myths and realities of kombucha's bioactivities, are also covered. Users will find a great resource that also documents the probiotic potential of this popular drink, highlighting metabiotics, nutribiotics, and the pharmabiotics present. This book will serve as a valuable resource for researchers in food science and beverage science, especially those interested in fermentation.
|
| 650 |
|
0 |
|a Kombucha tea.
|
| 650 |
|
0 |
|a Kombucha tea
|x Therapeutic use.
|
| 650 |
|
6 |
|a Combucha.
|
| 650 |
|
6 |
|a Combucha
|x Emploi en thérapeutique.
|
| 655 |
|
7 |
|a Electronic books.
|2 local
|
| 710 |
2 |
|
|a ScienceDirect (Online service)
|
| 776 |
0 |
8 |
|i Print version:
|z 0443132976
|z 9780443132971
|w (OCoLC)1443929217
|
| 856 |
4 |
0 |
|u http://proxy.library.tamu.edu/login?url=https://www.sciencedirect.com/science/book/9780443132971
|z Connect to the full text of this electronic book
|t 0
|
| 936 |
|
|
|a BATCHLOAD
|
| 955 |
|
|
|a Elsevier ScienceDirect 2026-2027
|
| 994 |
|
|
|a 92
|b TXA
|
| 999 |
f |
f |
|i 9523888a-665d-4208-85e6-41872a97ed67
|s aeb791f8-c545-4e28-ac3a-64c6f75b0704
|t 0
|
| 952 |
f |
f |
|a Texas A&M University
|b College Station
|c Electronic Resources
|s www_evans
|d Available Online
|t 0
|e TX817.T3
|h Library of Congress classification
|
| 998 |
f |
f |
|a TX817.T3
|t 0
|l Available Online
|